Social Science-X (Record no. 11071)

MARC details
000 -LEADER
fixed length control field 00268nam a22000977a 4500
008 - FIXED-LENGTH DATA ELEMENTS--GENERAL INFORMATION
fixed length control field 180823b ||||| |||| 00| 0 eng d
020 ## - INTERNATIONAL STANDARD BOOK NUMBER
International Standard Book Number 9788189932008
100 ## - MAIN ENTRY--PERSONAL NAME
Personal name Bishnoi Promila,etal.
9 (RLIN) 6850
245 ## - TITLE STATEMENT
Title Social Science-X
260 ## - PUBLICATION, DISTRIBUTION, ETC. (IMPRINT)
Place of publication, distribution, etc. New Delhi
Name of publisher, distributor, etc. Prachi Publications
Date of publication, distribution, etc. 2016
Holdings
Withdrawn status Lost status Source of classification or shelving scheme Damaged status Koha normalized classification for sorting Not for loan Home library Current library Shelving location Date acquired Total Checkouts Total Renewals Full call number Barcode Date last seen Date last checked out Price effective from Koha item type
    Dewey Decimal Classification   BIS_300_000000000000000   Good Samaritan School Library Good Samaritan School Library Social Science 08/23/2018 14 3 BIS300 BIS15054 05/08/2023 05/01/2023 08/23/2018 BOOK

Powered by Koha